000 00565nam a2200157 4500
999 _c17121
_d17121
008 220607b ||||| |||| 00| 0 eng d
022 _a0732-8435
082 _aDPer 657.05 C33 Jan - Apr 2011, v. 81 n 1 - 4
100 _aRyerson, Frank, III.
_945493
245 _aWill a new revenue model defer revenues on standard warranties?/
_cFrank Ryerson, III.
260 _aNew York:
_bThe New York State Society of CPA,
_c2011.
300 _aV81 n1, pages 24-27:
_billustrations;
_c28 cm.
500 _aThe CPA Journal.
650 _aTaxation.
_945494
942 _2ddc
_cPER